Achieving quality education present and future
| Szerző: | |
|---|---|
| Dokumentumtípus: | Könyv része |
| Megjelent: |
Budapesti Gazdaságtudományi Egyetem
Budapest, Magyarország
2026
|
| Sorozat: | ESG - Risk Management or New Sustainability? VIII.BUEB International Sustainability Student ConferenceProceedings - Budapest University of Economics and Business 2025
|
| Tárgyszavak: | |
| doi: | 10.29180/978-615-6886-27-9_7 |
| Kulcsszavak: | Quality education Educational Equity Sustainable Development Goal 4 (SDG 4) Artificial Intelligence in Education Educational Disparities |
| Online Access: | http://publikaciotar.uni-bge.hu/2637 |
MARC
| LEADER | 00000naa a2200000 i 4500 | ||
|---|---|---|---|
| 001 | publ2637 | ||
| 005 | 20260326120924.0 | ||
| 008 | 260326s2026 hu o 000 zxx d | ||
| 020 | |a 978-615-6886-27-9 | ||
| 024 | |a 10.29180/978-615-6886-27-9_7 |2 doi | ||
| 040 | |a BGE Publikációtár Repozitórium |b hun | ||
| 100 | 1 | |a Ivánka-Tóth Barbara Stella | |
| 245 | 1 | 0 | |a Achieving quality education |b present and future |c Ivánka-Tóth Barbara Stella |h [elektronikus dokumentum] |
| 260 | |a Budapesti Gazdaságtudományi Egyetem |b Budapest, Magyarország |c 2026 | ||
| 300 | |a 1-9 | ||
| 490 | 0 | |a ESG - Risk Management or New Sustainability? VIII.BUEB International Sustainability Student ConferenceProceedings - Budapest University of Economics and Business 2025 | |
| 650 | 4 | |a neveléstudományok | |
| 695 | |a Quality education | ||
| 695 | |a Educational Equity | ||
| 695 | |a Sustainable Development Goal 4 (SDG 4) | ||
| 695 | |a Artificial Intelligence in Education | ||
| 695 | |a Educational Disparities | ||
| 856 | 4 | 0 | |u https://publikaciotar.uni-bge.hu/id/eprint/2637/1/SUS%20Conference%20Proceedings%20-%20ESG%20Risk%20Managenemt_7.cikk.pdf |z Dokumentum-elérés |